A new generation confronts racism (Record no. 73318)

MARC details
000 -CABECERA
campo de control de longitud fija 00656nam a2200241 a 4500
005 - FECHA Y HORA DE LA ÚLTIMA TRANSACCIÓN
campo de control 20210219153307.0
008 - ELEMENTOS DE LONGITUD FIJA--INFORMACIÓN GENERAL
campo de control de longitud fija 991125n 000 0 u
035 ## - NÚMERO DE CONTROL DEL SISTEMA
Número de control de sistema UPN01000089128
100 ## - ASIENTO PRINCIPAL--NOMBRE PERSONAL
Nombre de persona O'Neil, John
222 ## - TÍTULO CLAVE
Título clave EDUCATIONAL LEADERSHIP
245 ## - MENCIÓN DE TÍTULO
Título A new generation confronts racism
300 ## - DESCRIPCIÓN FÍSICA
Extensión 60-63
362 ## - FECHAS DE PUBLICACIÓN Y/O DESIGNACIÓN SECUENCIAL
Fecha de publicación y/o designación secuencial 50, No. 8, 1993
505 ## - NOTA DE CONTENIDO CON FORMATO PREESTABLECIDO
Nota de contenido con formato Septiembre 1993
653 0# - TERMINO DE INDIZACION - NO CONTROLADO
Término no controlado ACTITUDES DEL ESTUDIANTE
653 0# - TERMINO DE INDIZACION - NO CONTROLADO
Término no controlado DESEGREGACION RACIAL
653 0# - TERMINO DE INDIZACION - NO CONTROLADO
Término no controlado DISCRIMINACION RACIAL
653 0# - TERMINO DE INDIZACION - NO CONTROLADO
Término no controlado EDUCACION MULTICULTURAL
653 0# - TERMINO DE INDIZACION - NO CONTROLADO
Término no controlado RELACIONES RACIALES
653 0# - TERMINO DE INDIZACION - NO CONTROLADO
Término no controlado RESPONSABILIDAD ESCOLAR
904 ## - ELEMENTOS DE DATOS D LOCAL, LDD (RLIN)
a AC
b 026939
905 ## - TIPO DE MATERIAL
Tipo de material Articulo

No items available.